| 000 | 00671nam a2200169 a 4500 | ||
|---|---|---|---|
| 001 | 000049127 | ||
| 005 | 20201002061658.0 | ||
| 008 | 190722s1996 dr a 000 0 spa d | ||
| 040 |
_aDO-SdBNP _bspa _BNPHU |
||
| 245 | 0 | 0 |
_aOferta educativa en la República Dominicana : _bcrédito educativo / _cEdición Melba Báez de Erazo y Emilio Vargas Santiago. |
| 260 |
_aSanto Domingo, República Dominicana : _bFudación APEC, _c1996. |
||
| 300 |
_a353 p. ; _c32 cm. |
||
| 590 | _aInventariado, 2019/VM | ||
| 700 | 1 |
_aBáez Erazo, Melba _eed. _976484 |
|
| 700 |
_aVargas Santiago, Emilio _eed. _976485 |
||
| 710 | 2 |
_aFundación APEC de Crédito Educativo (República Dominicana) _932014 |
|
| 999 |
_c48615 _d48615 |
||